000 006300000a22001810004500
003 MACL
005 20160217145713.0
008 160217b xxu||||| |||| 00| 0 eng d
040 _aMACL
_cMACL
041 _aHindi
082 _a370
100 _aइण्डियन
_938684
245 _aसमाज-शिक्षा में मनाेरंजन व सांस्‍कृतिक कार्य
260 _bइण्डियन एडल्‍ट एजुकंशन एसोशिएशन
_c1956
_aनई दिल्‍ली
350 _a1
650 _aEducation
_938685
942 _cHIN
_k370
_2ddc
999 _c24746
_d24746